ბათუმის შოთა რუსთაველის სახელმწიფო უნივერსიტეტის ბიბლიოთეკა

Введение в регионоведение. (ბიბ.ჩანაწერი № 35113)

000 -LEADER
fixed length control field 00601nam a2200217Ia 4500
001 - CONTROL NUMBER
control field 954
003 - CONTROL NUMBER IDENTIFIER
control field GE_BSU
008 - FIXED-LENGTH DATA ELEMENTS--GENERAL INFORMATION
fixed length control field 181216s||||||||xx |||||||||||||| ||und||
040 ## - CATALOGING SOURCE
Transcribing agency GE_BSU
080 ## - UNIVERSAL DECIMAL CLASSIFICATION NUMBER
Universal Decimal Classification number 33212(075.8)+327(075.8)
100 ## - MAIN ENTRY--PERSONAL NAME
Personal name Иванова, М.В.
245 ## - TITLE STATEMENT
Title Введение в регионоведение.
245 ## - TITLE STATEMENT
Remainder of title Учебное пособие.
260 ## - PUBLICATION, DISTRIBUTION, ETC.
Place of publication, distribution, etc. Томск,
260 ## - PUBLICATION, DISTRIBUTION, ETC.
Name of publisher, distributor, etc. Томского политехнич. ун-та.
260 ## - PUBLICATION, DISTRIBUTION, ETC.
Date of publication, distribution, etc. 2008
300 ## - PHYSICAL DESCRIPTION
Extent 177 с.
653 ## - INDEX TERM--UNCONTROLLED
Uncontrolled term Введение регионоведение.
942 ## - ADDED ENTRY ELEMENTS (KOHA)
Koha item type წიგნი
ეგზემპლარები
Withdrawn status Lost status Damaged status Not for loan Date acquired Barcode Date last seen Price effective from Koha item type
        2018-12-17 1043 2018-12-17 2018-12-17 წიგნი